La herencia moral de la filosofía griega
Saved in:
| Hovedforfatter: | |
|---|---|
| Format: | Bog |
| Sprog: | spansk |
| Udgivet: |
Santiago
Nascimento
1957
|
| Udgivelse: | 3a. ed |
| Fag: | |
| Tags: |
Tilføj Tag
Ingen Tags, Vær først til at tagge denne postø!
|
MARC
| LEADER | 00000nam a2200000 a 4500 | ||
|---|---|---|---|
| 001 | UCW4303 | ||
| 003 | CL-VaPUC | ||
| 008 | 891206e19570000CL |||||||||||||||||spa|d | ||
| 082 | 0 | 4 | |a 170 |b MOL |2 21 |
| 100 | |a Molina Garmendia, Enrique |e autor |9 309095 | ||
| 245 | 1 | 3 | |a La herencia moral de la filosofía griega |
| 250 | |a 3a. ed | ||
| 300 | |a 215 p | ||
| 942 | |c BK | ||
| 945 | |d 19891206 00:00:00 | ||
| 260 | |a Santiago |b Nascimento |c 1957 | ||
| 650 | 0 | |a Etica griega |9 308971 | |
| 650 | 0 | |a Filosofía antigua |9 255705 | |
| 583 | |a last modification |c 20170531 11:00:34 |k Rodrigo Vera | ||
| 999 | |c 218075 |d 218073 | ||
| 952 | |0 0 |1 0 |4 0 |6 170_000000000000000_MOL_1957 |7 0 |8 F |9 206960 |a BIBEDU |b BIBEDU |d 2019-11-15 |i 2747561 |o 170 MOL 1957 |p 2747561 |r 2023-01-13 |w 2019-11-15 |y BK_F |k EDU | ||